000
00333nam a2200145Ia 4500
008
230718s9999 xx 000 0 und d
041
_a
Eng.
082
_a
343.055
_b
KHO-C
100
_a
Khorkhar, Anwer
245
0
_a
Civil law digest
260
_a
Pakistan
_b
Pakistan Lahore
_c
2018
300
_a
626
650
_a
Law
999
_c
32274
_d
32274